01552nam a2200409Ia 4500001001200000003000800012006001900020007001500039008004100054010001700095020001500112020001800127020001800145040002100163035002100184050002400205082001600229245009200245260009200337300003500429490002500464500005500489504005100544533015200595650002500747650002100772650002500793650002400818655002900842700001900871700002000890710001700910710004700927710002100974830002100995856012601016ebr10618661CaPaEBRm u cr cn|||||||||021007s2002 enka sb 001 0 eng d z 2005472303 z0854046607 z9780854046607 z9781847557902 aCaPaEBRcCaPaEBR a(OCoLC)22935553214aQD921b.T487 2002eb04a548/.8122204aThe third dimensionh[electronic resource] /cedited by Lesley Smart and Michael Gagan. aMilton Keynes :bOpen University ;aCambridge, UK :bRoyal Society of Chemistry,c2002. a240 p. :bill. (chiefly col.).1 aMolecular world ;v5 aPublished in association with the Open University. aIncludes bibliographical references and index. aElectronic reproduction.bPalo Alto, Calif. :cebrary,d2011.nAvailable via World Wide Web.nAccess may be limited to ebrary affiliated libraries. 0aCrystalsxStructure. 0aCrystallography. 0aMolecular structure. 0aChemistry, Organic. 7aElectronic books.2local1 aSmart, Lesley.1 aGagan, Michael.2 aebrary, Inc.2 aRoyal Society of Chemistry (Great Britain)2 aOpen University. 0aMolecular world.40uhttp://site.ebrary.com/lib/rucke/Doc?id=10618661zAn electronic book accessible through the World Wide Web; click to view